Score 0/14 Timer 02:00
0 Plays Today
Clue 4-Letter Word % Correct
American car manufacturerFORD
98.2%
DifficultHARD
98.1%
A place where money is commonly stored or investedBANK
94.8%
The outer protective layer on treesBARK
94.4%
A public area maintained in its natural state, usually for recreationPARK
93.7%
A collection of artists that play music togetherBAND
93.4%
A blemish or projection of the skin, common among toads and witchesWART
92.5%
Clue 4-Letter Word % Correct
A certain biblical figure might do this to the Red SeaPART
91.9%
A type of fat derived from porkLARD
91.3%
One who holds estate in a feudal systemLORD
90.6%
Having a moderate degree of heatWARM
87.8%
Force something from its proper shapeBEND
86%
Physical or mental damage; hurtHARM
83.7%
Last part of the name of a German car manufacturerBENZ
80.5%

Today's Daily Dose

Remove Ads.
Support Sporcle.
Get the best of Sporcle when you Go Orange. This ad-free experience offers more features, more stats, and more fun while also helping to support Sporcle. Thank you for becoming a member.

You're not logged in!

Compare scores with friends on all Sporcle quizzes.
OR
Log In

Show Comments

Extras

Top Quizzes Today


Score Distribution

Your Account Isn't Verified!

In order to create a playlist on Sporcle, you need to verify the email address you used during registration. Go to your Sporcle Settings to finish the process.

Report this User

Report this user for behavior that violates our Community Guidelines.

Details: